000 00318 a2200133 4500
000 nam a22 7a 4500
100 _aSingh
110 _aSingh
245 _aPrinciples of Soil Science
250 _aLatest edition
260 _bAcademic Publication
_c2026
264 _bAcademic Publication
_c2026
942 _cBK
999 _c396065
_d396065